The faces of Jesus : (Record no. 18130)
[ view plain ]
| 000 -LEADER | |
|---|---|
| fixed length control field | 01284cam a22002774a 4500 |
| 001 - CONTROL NUMBER | |
| control field | 13884933 |
| 005 - DATE AND TIME OF LATEST TRANSACTION | |
| control field | 20161202153926.0 |
| 008 - FIXED-LENGTH DATA ELEMENTS--GENERAL INFORMATION | |
| fixed length control field | 050228r20051974mau 000 0 eng |
| 010 ## - LIBRARY OF CONGRESS CONTROL NUMBER | |
| LC control number | 2005005878 |
| 020 ## - INTERNATIONAL STANDARD BOOK NUMBER | |
| International Standard Book Number | 1557254559 |
| 035 ## - SYSTEM CONTROL NUMBER | |
| System control number | (OCoLC)ocm58050489 |
| 037 ## - SOURCE OF ACQUISITION | |
| Stock number | 1245841 |
| Source of stock number/acquisition | QBI |
| 040 ## - CATALOGING SOURCE | |
| Original cataloging agency | DLC |
| Transcribing agency | DLC |
| Modifying agency | QBX |
| -- | BAKER |
| -- | IH5 |
| -- | DLC |
| 050 00 - LIBRARY OF CONGRESS CALL NUMBER | |
| Classification number | N8050 |
| Item number | .B87 2005 |
| 100 1# - MAIN ENTRY--PERSONAL NAME | |
| Personal name | Buechner, Frederick, |
| Dates associated with a name | 1926- |
| 245 14 - TITLE STATEMENT | |
| Title | The faces of Jesus : |
| Remainder of title | a life story / |
| Statement of responsibility, etc. | by Frederick Buechner. |
| 260 ## - PUBLICATION, DISTRIBUTION, ETC. (IMPRINT) | |
| Place of publication, distribution, etc. | Brewster, Mass. : |
| Name of publisher, distributor, etc. | Paraclete Press, |
| Date of publication, distribution, etc. | c2005. |
| 300 ## - PHYSICAL DESCRIPTION | |
| Extent | xi, 97 p. ; |
| Dimensions | 24 cm. |
| 500 ## - GENERAL NOTE | |
| General note | Originally published in longer form: Croton-on-Hudson, N.Y. : Riverwood Publishers, 1974. |
| 600 00 - SUBJECT ADDED ENTRY--PERSONAL NAME | |
| Personal name | Jesus Christ |
| Form subdivision | Art. |
| 942 ## - ADDED ENTRY ELEMENTS (KOHA) | |
| Source of classification or shelving scheme | |
| Koha item type | Hard Covered Materials |
| Classification part | N8050 .B87 2005 |
| Withdrawn status | Lost status | Source of classification or shelving scheme | Damaged status | Not for loan | Home library | Current library | Shelving location | Date acquired | Source of acquisition | Total Checkouts | Full call number | Barcode | Date last seen | Price effective from | Koha item type |
|---|---|---|---|---|---|---|---|---|---|---|---|---|---|---|---|
| MACHAKOS UNIVERSITY LIBRARY | MACHAKOS UNIVERSITY LIBRARY | Open shelf | 02/12/2016 | Donation(B.F.A) | N8050 .B87 2005 | 28533 | 31/05/2019 | 02/12/2016 | Hard Covered Materials |